Statistics for World Capitals Closest to Sarajevo - 30 Second Sprint

Click here to take the quiz!

General Stats

  • This quiz has been taken 21 times
  • The average score is 11 of 20

Answer Stats

kmcapitalmiles% Correct
290Zagreb180
100%
192Belgrade120
80%
174Podgorica108
80%
530Rome329
80%
321Skopje200
80%
408Budapest254
67%
393Ljubljana244
67%
792Athens492
60%
304Tirana189
53%
508Vienna316
53%
470Prague757
47%
259Pristina161
47%
479San Marino298
47%
418Sofia260
47%
532Vatican City331
47%
618Bucharest384
40%
488Bratislava303
33%
783Vaduz487
27%
887Chișinău551
20%
882Monaco548
7%

Score Distribution

Percentile by Number Answered

Percent of People with Each Score

Your Score History

You have not taken this quiz